| 000 | 00542nam a22002057a 4500 | ||
|---|---|---|---|
| 999 |
_c82003 _d82003 |
||
| 005 | 20221228122954.0 | ||
| 010 | _aENG-109170 | ||
| 020 |
_a9788171772742 _c695.00 |
||
| 035 | _aEN-92703 | ||
| 037 | _bDBAD/PUB | ||
| 082 | _a340 | ||
| 100 | _aSaharay, H.K. | ||
| 245 |
_aGoyle's law of specific performance / _cby H.K. Saharay |
||
| 250 | _a4th ed | ||
| 260 |
_aKolkata _bEastern Law House _c2014 |
||
| 270 |
_a54 Ganesh Chunder Avenue _bKolkata _e700013 |
||
| 300 |
_a624p. _c22cm(Hb) |
||
| 500 | _aIncludes index | ||
| 942 |
_2ddc _cEN _mSAH |
||